000 00506nam a22001697a 4500
005 20251108175211.0
008 250721s1996 xx 000 0 ara d
082 1 4 _a813.09/شلي
100 1 _aشليبه، زهير
245 1 0 _aغائب طعمة فرمان /
264 1 _aبيروت _ لبنان :
_bدار الكنوز الادبية،
_c1996.
650 1 7 _aالنقد الادبي
650 1 7 _aالروايات العربية
650 1 7 _aالعراق
942 _2ddc
_cBK
999 _c128542
_d128542